000 00473nam a2200169 4500
001 126913
003 ES-MaACL
005 20230906192913.0
007 t|
008 070214s1970 sp r ||||1| spa d
100 1 _aRey Ardid, Ramón.
_996517
245 1 0 _aPsicología médica /
_cRamón Rey Ardid.
260 _aZaragoza :
_b[s.n.],
_c1970 (
_fImp. Heraldo de Aragón)
300 _a1 v. ;
_c25 cm.
500 _aEs el tomo 1ª.
852 _aES-MaACL
_jP-1530
_bR.74633
999 _c126913
_d126913